| 000 | 00908cam a22002774a 4500 | ||
|---|---|---|---|
| 001 | 1659 | ||
| 005 | 20250610095858.0 | ||
| 020 | _a9780531292501 | ||
| 040 |
_aDLC _cDLC _dDLC _beng |
||
| 050 | 0 | 0 | _bR690.S48 |
| 082 | 0 | 0 |
_a610.69 _223 |
| 100 | 1 | _aShepherd, Jodie | |
| 245 | 1 | 2 |
_aA day with doctors / _cby Jodie Shepherd. |
| 260 |
_bScholastic, _aNew York : _c2013 |
||
| 300 |
_a32 pages : _bColor illustrations ; _c19 cm |
||
| 490 | 0 | _aRookie read-about community | |
| 500 | _aIncludes index. | ||
| 505 | _aJ | ||
| 520 | _aPresents information about doctors, including what doctors do, when you would see a doctor, and what tools they use. | ||
| 521 |
_a490
_bLexile |
||
| 521 |
_aJ
_bRaz-Plus |
||
| 650 | 0 |
_aMedicine _xVocational guidance _vJuvenile literature. |
|
| 650 | 0 |
_aPhysicians _vJuvenile literature. |
|
| 906 |
_a7 _bcbc _corignew _d1 _eecip _f20 _gy-gencatlg |
||
| 942 |
_2ddc _cBK _n0 |
||
| 999 |
_c1659 _d1659 |
||